| 000 | 01465cam a22003857a 4500 | ||
|---|---|---|---|
| 003 | CHAP | ||
| 005 | 20220329143055.0 | ||
| 008 | 051215d2005 mx d r 00110 spa d | ||
| 010 | _a91549 | ||
| 011 | _a92521 | ||
| 035 | _a103085 | ||
| 040 | _cCHAP | ||
| 090 | _aTesis | ||
| 100 | 1 |
_aFlores Morales, Claudio Fabricio _941652 |
|
| 245 | 1 | 0 |
_aMétodos hormonales y de bioestimulación para la inducción del celo en conejas _c/por Claudio Fabricio Flores Morales y Misael Hernández López |
| 260 |
_aChapingo, Méx. : _bEl autor, _c2005 |
||
| 300 |
_a35 h. : _bcuadros |
||
| 502 | _aTesis (Ing. Agr. Esp. Zootecnia) -- UACH. Departamento de Zootecnia | ||
| 590 |
_aALEPH _b10 _c20130110 _lUCH01 _h1508 |
||
| 590 |
_aBATCH-UPD _b10 _c20130110 _lUCH01 _h0532 |
||
| 590 |
_aBATCH-UPD _b10 _c20130110 _lUCH01 _h2343 |
||
| 590 |
_aBATCH-UPD _b10 _c20130410 _lUCH01 _h0212 |
||
| 590 |
_aBATCH-UPD _b10 _c20130410 _lUCH01 _h1631 |
||
| 590 |
_aBATCH-UPD _b10 _c20130914 _lUCH01 _h1027 |
||
| 590 |
_aCONVERSION _b10 _c20130109 _lUCH01 _h1351 |
||
| 650 | 1 | 4 |
_aConejos _xFecundidad. _926366 |
| 650 | 1 | 4 |
_aConejos _xProducción. _926375 |
| 650 | 1 | 4 |
_aHormonas _xEfecto en animales domésticos. _956236 |
| 700 | 0 |
_aHernández López, Misael. _954253 |
|
| 901 | _aBK | ||
| 905 | _aMarco A. Mendoza T. | ||
| 942 | _cFOLL | ||
| 949 |
_aTesis _bBC _cTES _d00000001030851 _eTS1 _gDonaciØn _h44479 _i103085 _sb |
||
| 949 |
_aTesis _bBC _cTES _d33724000968871 _eTS2 _fc.2 _gDonaciØn _h44480 _i103085 _sb |
||
| 999 |
_c91549 _d91549 |
||